| 000 | 00917pam a2200253 a 4500 | ||
|---|---|---|---|
| 001 | 4278893 | ||
| 005 | 20230320162449.0 | ||
| 008 | 850923s1985 ne a b 001 0 eng | ||
| 010 | _a 85025243 | ||
| 020 | _a0444878823 (Elsevier) | ||
| 040 |
_aDLC _cDLC _dDLC |
||
| 050 | 0 | 0 |
_aTJ223.M53 _bA67 1985 |
| 082 | 0 | 0 |
_a629.895 _219 _bLEI |
| 100 |
_aLeigh, J.R. _967859 |
||
| 245 | 0 | 0 |
_aApplied digital control / _cJ.R. Leigh |
| 260 |
_aAmsterdam ; _aNew York : _bNorth-Holland ; _aNew York, N.Y., U.S.A. : _bSole distributors for the U.S.A. and Canada, Elsevier Science Pub. Co., _c1985. |
||
| 300 |
_axx, 305 p. : _bill. ; _c24 cm. |
||
| 440 | 0 |
_aNorth-Holland systems and control series ; _vv. 7 _9110712 |
|
| 504 | _aIncludes bibliographies and index. | ||
| 650 | 0 | _aDigital control systems. | |
| 700 | 1 |
_aTzafestas, S. G., _d1939- _9110713 |
|
| 906 |
_a7 _bcbc _corignew _d1 _eocip _f19 _gy-gencatlg |
||
| 942 |
_2ddc _cBK |
||
| 999 |
_c593889 _d593889 |
||